书目信息 |
| 题名: |
新编近代史
|
|
| 作者: | 波尔什涅夫 著 ;王以铸 译 | |
| 分册: | 第一卷 1640-1789 | |
| 出版信息: | 北京 人民出版社 1955 |
|
| 页数: | 610页 | |
| 开本: | 21cm | |
| 丛书名: | ||
| 单 册: | ||
| 中图分类: | K14 | |
| 科图分类: | ||
| 主题词: | 世界史:近代史 | |
| 电子资源: | ||
| ISBN: | ||
| 000 | 00779nam0 2200241 450 | |
| 001 | 0663160093 | |
| 005 | 20060801173654.09 | |
| 010 | @dCNY32.40 | |
| 100 | @a20060801d1955 km y0chiy0120 ea | |
| 101 | 0 | @achi |
| 102 | @aCN@b110000 | |
| 102 | @aCN@b110000 | |
| 200 | 1 | @a新编近代史@Axin bian jin dai shi@e苏联科学院历史研究所@h第一卷@i1640-1789@f(苏)波尔什涅夫等著@F(su)bo er shen nie fu deng zhu@g王以铸译@Gwang yi zhu yi |
| 210 | @a北京@c人民出版社@d1955 | |
| 215 | @a610页@d21cm | |
| 517 | 1 | @a1640-1789 |
| 517 | 1 | @a苏联科学院历史研究所@Asu lian ke xue yuan li shi yan jiu suo |
| 606 | 0 | @a世界史:近代史 |
| 690 | @aK14@v3 | |
| 701 | 0 | @a波尔什涅夫@Abo er shen nie fu@4著 |
| 702 | 0 | @a王以铸@Awang yi zhu@4译 |
| 801 | 0 | @aCN@bPFT@c20060801 |
| 905 | @a10447@dK14@e131 | |
| 新编近代史:苏联科学院历史研究所.第一卷.1640-1789/(苏)波尔什涅夫等著/王以铸译.-北京:人民出版社,1955 |
| 610页;21cm |
| ISBN :CNY32.40 |
| ● |
| 相关链接 |
|
|
|
|
正题名:新编近代史
索取号:K14/131
 
预约/预借
| 序号 | 登录号 | 条形码 | 馆藏地/架位号 | 状态 | 备注 |
| 1 | 0444140 | 204441407 | 密集书库/ [索取号:K14/131] | 在馆 |